新疆维吾尔自治区地图点选 Xinjiang Click Map - Statistics

General Stats
  • This quiz has been taken 33 times
  • The average score is 22 of 26
Answers on the Map
Answers color-coded by a green-red scale on the quiz's map according to % correct below.
 
Answer Stats
Answer % Correct
乌鲁木齐市
96%
克拉玛依市
96%
吐鲁番市
96%
哈密市
96%
昌吉回族自治州
96%
巴音郭楞蒙古自治州
96%
和田地区
96%
阿勒泰地区
96%
博尔塔拉蒙古自治州
91%
阿克苏地区
91%
克孜勒苏柯尔克孜自治州
91%
喀什地区
91%
伊犁哈萨克自治州
91%
塔城地区
87%
北屯市
87%
图木舒克市
83%
五家渠市
83%
铁门关市
83%
可克达拉市
83%
昆玉市
83%
石河子市
78%
阿拉尔市
78%
新星市
74%
白杨市
74%
胡杨河市
70%
双河市
61%
No matching quizzes found
Score Distribution
Percent of People with Each Score
Percentile by Number Answered
Your Score History
You have not taken this quiz